Java network programming java 2 / (Record no. 194726)
[ view plain ]
| 000 -LEADER | |
|---|---|
| fixed length control field | 00647 a2200193 4500 |
| 003 - CONTROL NUMBER IDENTIFIER | |
| control field | Nust |
| 005 - DATE AND TIME OF LATEST TRANSACTION | |
| control field | 20230531105619.0 |
| 020 ## - INTERNATIONAL STANDARD BOOK NUMBER | |
| International Standard Book Number | 188477749X |
| 040 ## - CATALOGING SOURCE | |
| Transcribing agency | Nust |
| 082 ## - DEWEY DECIMAL CLASSIFICATION NUMBER | |
| Classification number | 005.2762,HUG |
| 100 ## - MAIN ENTRY--PERSONAL NAME | |
| Personal name | Hughes, Merlin |
| 9 (RLIN) | 112901 |
| 245 ## - TITLE STATEMENT | |
| Title | Java network programming java 2 / |
| Statement of responsibility, etc. | Merlin Hughes and Michael Shoffner |
| 250 ## - EDITION STATEMENT | |
| Edition statement | 2nd. |
| 260 ## - PUBLICATION, DISTRIBUTION, ETC. | |
| Place of publication, distribution, etc. | Greenwich |
| Name of publisher, distributor, etc. | Manning |
| Date of publication, distribution, etc. | 1997 |
| 300 ## - PHYSICAL DESCRIPTION | |
| Extent | 806 p. |
| 505 ## - FORMATTED CONTENTS NOTE | |
| Formatted contents note | Part I. Preliminaries (Page-3), Part II. Streams (Page-61), Part III. Networking (Page-251), Part IV Alternative Technologies (Page-499), Part V. Message Streams (Page-659). |
| 650 ## - SUBJECT ADDED ENTRY--TOPICAL TERM | |
| Topical term or geographic name entry element | Java |
| 9 (RLIN) | 57943 |
| 942 ## - ADDED ENTRY ELEMENTS (KOHA) | |
| Source of classification or shelving scheme | |
| Koha item type | Book |
| Call number prefix | 005.2762,HUG |
| Withdrawn status | Lost status | Source of classification or shelving scheme | Damaged status | Not for loan | Permanent Location | Current Location | Shelving location | Date acquired | Full call number | Barcode | Date last seen | Price effective from | Koha item type | Public note |
|---|---|---|---|---|---|---|---|---|---|---|---|---|---|---|
| Military College of Signals (MCS) | Military College of Signals (MCS) | General Stacks | 12/12/2016 | 005.2762,HUG | MCS36444 | 12/08/2016 | 12/12/2016 | Book | Almirah No.80, Shelf No.5 |
